La Premsa de sorra : (les publicacions obreres clandestines a la Catalunya de postguerra, 1939-1953) / Miquel Bové, Antoni Capilla (les publicacions obreres clandestines a la Catalunya de postguerra, 1939-1953) / Miquel Bové, Antoni Capilla
Descripción Física:
176 p. : il. ; 24 cm
Colección:
Col·lecció vaixells de paper ; 18
Otros Autores:
Capilla, Antoni
MARC
| LEADER | 00000nam a2200000Ia 4500 | ||
|---|---|---|---|
| 001 | 11108 | ||
| 008 | 160829s9999 xx 000 0 cat d | ||
| 080 | |a O-1-40 | ||
| 100 | |a Bové, Miquel |9 31798 | ||
| 245 | |a La Premsa de sorra : |b (les publicacions obreres clandestines a la Catalunya de postguerra, 1939-1953) / Miquel Bové, Antoni Capilla | ||
| 260 | |a Barcelona : |b Diputació de Barcelona : |b Col·legi de Periodistes de Catalunya, DL 1995 | ||
| 300 | |a 176 p. : |b il. ; |c 24 cm | ||
| 490 | |a Col·lecció vaixells de paper ; 18 | ||
| 650 | |a Literatura clandestina |x Catalunya |x 1939/1953 |9 31799 | ||
| 650 | 0 | |a Premsa |x Catalunya |9 46045 | |
| 700 | |a Capilla, Antoni |9 31801 | ||
| 901 | |a Arxiu | ||
| 942 | |n 1 | ||
| 952 | |0 0 |1 0 |4 0 |6 O140 |7 1 |9 45760 |a Arxiu |b Arxiu |d 2016-12-01 |l 0 |o O-1-40 |p 11108 |r 2016-12-01 00:00:00 |w 2016-12-01 |y ARXIU | ||
| 999 | |c 49260 |d 49260 | ||